书目信息 |
| 题名: |
普通遗传学
|
|
| 作者: | 杨业华 主编 | |
| 分册: | ||
| 出版信息: | 北京 高等教育出版社 2006.05 |
|
| 页数: | 367页 | |
| 开本: | 23cm | |
| 丛书名: | ||
| 单 册: | ||
| 中图分类: | Q3-43 | |
| 科图分类: | ||
| 主题词: | 遗传学 | |
| 电子资源: | ||
| ISBN: | 978-7-04-019498-2 | |
| 000 | 00564nam0 2200205 45 | |
| 001 | 1137059418 | |
| 005 | 20111215101749.93 | |
| 010 | @a978-7-04-019498-2@dCNY26.50 | |
| 100 | @a20020611d2006 km y0chiy0120 ea | |
| 101 | 0 | @achi |
| 102 | @aCN@b110000 | |
| 200 | 1 | @a普通遗传学@APu Tong Yi Chuan Xue@f杨业华主编@Fyang ye hua zhu bian |
| 205 | @a2版 | |
| 210 | @a北京@c高等教育出版社@d2006.05 | |
| 215 | @a367页@d23cm | |
| 606 | 0 | @a遗传学 |
| 690 | @aQ3-43@v3 | |
| 701 | 0 | @a杨业华@Ayang ye hua@4主编 |
| 801 | 0 | @aCN@bPFT@c20110331 |
| 905 | @a安徽大学@dQ3-43@eY310=2 | |
| 普通遗传学/杨业华主编.-2版.-北京:高等教育出版社,2006.05 |
| 367页;23cm |
| ISBN 978-7-04-019498-2:CNY26.50 |
| ● |
| 相关链接 |
|
|
|
正题名:普通遗传学
索取号:Q3-43/Y310=2
 
预约/预借
| 序号 | 登录号 | 条形码 | 馆藏地/架位号 | 状态 | 备注 |
| 1 | 471681 | 204716815 | 自科二线504/504自科库 43排3列6层/ [索取号:Q3-43/Y310=2] | 在馆 | |
| 2 | 471682 | 204716824 | 自科二线504/504自科库 43排3列6层/ [索取号:Q3-43/Y310=2] | 在馆 | |
| 3 | 471683 | 204716833 | 自科二线504/504自科库 43排2列6层/ [索取号:Q3-43/Y310=2] | 在馆 |